000 006320000a22002050004500
003 LK-CoMWRAF
005 20231106111401.0
008 230817t1998 ||||| |||| 00| 0 eng d
020 _a955926107X
040 _aLK-CoMWRAF
_dLK-CoMWRAF
_eLK-CoMWRAF
041 _aeng
082 _a923
_bLIY
100 _aLiyanage, Pulsara
245 _aVivi:
_ba bibliography of Vivienne Goonewardena
260 _aColombo:
_bWomen's Education and Research Centre,
_c[1998]
300 _a xix, 103 p. ; 23 cm.
_bBibliography included
650 _aPOLITICIANS-Sri Lanka--Biography
650 _aSri Lanka--Politics and government.
942 _cBK
999 _c2501
_d2501